000 00478nam a2200157 i 4500
001 70166
003 ES-MaACL
005 20230906170734.0
007 t|
008 040719s1962 sp ||||1| spa d
100 1 _aGarcía Pavón, Francisco.
_955085
245 1 3 _aEl teatro social en España
_b: (1895-1962) /
_cFrancisco García Pavón.
260 _aMadrid :
_bTaurus,
_c[1962] (
_fClavileño)
300 _a190 p., 10 lám. ;
_c23 cm.
852 _aES-MaACL
_jC-22015
_bR.50804
999 _c70166
_d70166